000 00635nam a2200241Ia 4500
003 OSt
005 20221005115206.0
006 a|||||r|||| 00| 0
007 ta
008 221004b |||||||| |||| 00| 0 eng d
024 _a64805
037 _cTextual
040 _aCRL
_cCRL
_beng
041 _2eng
_aeng
082 _aV1N49, J3-;1
100 _aTurner Arthur C
_9627239
245 0 _aBulwark of the west
_b Implications and problems of NATO.
260 _c1953
490 _aContemporary affairs; 24
650 _aHISTORY
942 _hV1N49, J3-;1
_cTEXL
_2cc
999 _c1033725
_d1033725